书目信息 |
| 题名: |
国家治理视角下政府责任审计机理与路径研究
|
|
| 作者: | 孙永军 著 | |
| 分册: | ||
| 出版信息: | 北京 光明日报出版社 2020 |
|
| 页数: | 190页 | |
| 开本: | 24cm | |
| 丛书名: | 光明社科文库 | |
| 单 册: | ||
| 中图分类: | F239.44 | |
| 科图分类: | ||
| 主题词: | 政府审计--zheng fu shen ji--研究--中国 | |
| 电子资源: | ||
| ISBN: | 978-7-5194-5598-9 | |
| 000 | 01264oam2 2200265 450 | |
| 001 | 2160513987 | |
| 005 | 20210926145311.0 | |
| 010 | @a978-7-5194-5598-9@b精装@dCNY78.00 | |
| 100 | @a20210203d2020 kemy0chiy0120 ea | |
| 101 | 0 | @achi |
| 102 | @aCN@b110000 | |
| 105 | @ay v 000yy | |
| 106 | @ar | |
| 200 | 1 | @a国家治理视角下政府责任审计机理与路径研究@Aguo jia zhi li shi jiao xia zheng fu ze ren shen ji ji li yu lu jing yan jiu@f孙永军著 |
| 210 | @a北京@c光明日报出版社@d2020 | |
| 215 | @a190页@d24cm | |
| 225 | 2 | @a光明社科文库@Aguang ming she ke wen ku |
| 300 | @a黑龙江省哲学社会科学研究规划一般项目 黑龙江大学青年科学基金项目 黑龙江大学重点规划处学科经费建设项目 | |
| 330 | @a本书结合当前国家治理观念的转变与制度需求,围绕多元化审计目标的实现和落实,分析和构建政府责任审计机理与理论框架,探索了多元化政府责任审计的目标实现机制与选择,明确了多元化责任审计目标实现机制的基本问题。结合文献研究、实证研究和访谈调研,通过对国内外的实践经验的借鉴,提出国家审计推动国家治理的路径选择,以及政府责任要素和审计鉴证体系。 | |
| 461 | 0 | @12001 @a光明社科文库 |
| 606 | 0 | @a政府审计@Azheng fu shen ji@x研究@y中国 |
| 690 | @aF239.44@v5 | |
| 701 | 0 | @a孙永军@Asun yong jun@f(1972-)@4著 |
| 801 | 0 | @aCN@b百万庄@c20210926 |
| 905 | @b1300711-14@dF239.44@e631@f4 | |
| 国家治理视角下政府责任审计机理与路径研究/孙永军著.-北京:光明日报出版社,2020 |
| 190页;24cm.-(光明社科文库) |
| 黑龙江省哲学社会科学研究规划一般项目 黑龙江大学青年科学基金项目 黑龙江大学重点规划处学科经费建设项目 |
| ISBN 978-7-5194-5598-9(精装):CNY78.00 |
| 本书结合当前国家治理观念的转变与制度需求,围绕多元化审计目标的实现和落实,分析和构建政府责任审计机理与理论框架,探索了多元化政府责任审计的目标实现机制与选择,明确了多元化责任审计目标实现机制的基本问题。结合文献研究、实证研究和访谈调研,通过对国内外的实践经验的借鉴,提出国家审计推动国家治理的路径选择,以及政府责任要素和审计鉴证体系。 |
| ● |
| 相关链接 |
|
|
|
|
正题名:国家治理视角下政府责任审计机理与路径研究
索取号:F239.44/631
 
预约/预借
| 序号 | 登录号 | 条形码 | 馆藏地/架位号 | 状态 | 备注 |
| 1 | 1300711 | 213007119 | 第一样本阅览室/ [索取号:F239.44/631] | 在馆 | |
| 2 | 1300712 | 213007128 | 第一借阅区/ [索取号:F239.44/631] | 在馆 | |
| 3 | 1300713 | 213007137 | 第一借阅区/ [索取号:F239.44/631] | 在馆 | |
| 4 | 1300714 | 213007146 | 第一借阅区/ [索取号:F239.44/631] | 在馆 |